[Event "XV Festival A"]
[Site "Padova ITA"]
[Date "2012.12.20"]
[Round "6"]
[White "Laketic, Gojko"]
[Black "Petkov, Vladimir"]
[WhiteElo "2425"]
[BlackElo "2567"]
[Result "1-0"]
[PlyCount "59"]
[EventDate "2012.12.16"]

1. d4 Nf6 2. Nf3 c5 3. d5 e6 4. Nc3 exd5 5. Nxd5 Nxd5 6. Qxd5 Be7 7. e4 O-O 8.
Bc4 d6 9. O-O Nd7 10. Qd3 Nb6 11. Bb3 Be6 12. c4 a5 13. a4 f5 14. Re1 Qd7 15.
Bg5 Rae8 16. Bxe7 Rxe7 17. e5 dxe5 18. Nxe5 Qc7 19. Qc3 Nc8 20. Bd1 Rd8 21. Bf3
Rd4 22. Rad1 Qb6 23. b3 Nd6 24. Qc2 Nf7 25. Rxd4 cxd4 26. Nxf7 Kxf7 27. Bd5 Kf6
28. g4 g6 29. c5 Bxd5 30. g5+ 1-0

[Event "XV Festival A"]
[Site "Padova ITA"]
[Date "2012.12.20"]
[Round "6"]
[White "Lazic, Miroljub"]
[Black "Solomon, Kenny"]
[WhiteElo "2471"]
[BlackElo "2440"]
[Result "1-0"]
[PlyCount "71"]
[EventDate "2012.12.16"]

1. c4 Nf6 2. g3 c5 3. Bg2 e6 4. e4 Nc6 5. f4 d5 6. e5 Nd7 7. cxd5 exd5 8. Nf3
c4 9. O-O Nc5 10. d4 cxd3 11. Be3 d4 12. Bf2 h5 13. Nbd2 Bg4 14. h3 Be6 15. a3
a5 16. Ng5 Bd5 17. Nge4 Be7 18. Rc1 Nxe4 19. Nxe4 Bxe4 20. Bxe4 Qd7 21. Kg2 h4
22. g4 g5 23. Qf3 Ra6 24. Bf5 Qd8 25. e6 gxf4 26. exf7+ Kf8 27. Qxd3 Rb6 28.
Rc2 a4 29. Qe4 Rb3 30. Qxf4 Bg5 31. Qe4 Qd6 32. Rxc6 Rg3+ 33. Kh2 bxc6 34. Qe8+
Kg7 35. Bxd4+ Bf6 36. f8=Q+ 1-0

[Event "XV Festival A"]
[Site "Padova ITA"]
[Date "2012.12.20"]
[Round "6"]
[White "Manca, Federico"]
[Black "De Santis, Alessio"]
[WhiteElo "2433"]
[BlackElo "2281"]
[Result "1/2-1/2"]
[PlyCount "21"]
[EventDate "2012.12.16"]

1. e4 c5 2. c3 e6 3. d4 d5 4. exd5 exd5 5. Nf3 Nc6 6. Bb5 Bd6 7. dxc5 Bxc5 8.
O-O Nge7 9. Nbd2 O-O 10. Nb3 Bb6 11. Bd3 1/2-1/2

[Event "XV Festival A"]
[Site "Padova ITA"]
[Date "2012.12.20"]
[Round "6"]
[White "Massironi, Marco"]
[Black "Efimov, Igor"]
[WhiteElo "2214"]
[BlackElo "2413"]
[Result "1/2-1/2"]
[PlyCount "55"]
[EventDate "2012.12.16"]

1. e4 d5 2. exd5 Qxd5 3. Nf3 Nf6 4. d4 g6 5. Nc3 Qd6 6. Ne5 Bg7 7. Bc4 O-O 8.
Bf4 Nh5 9. Ne4 Qb6 10. Be3 Bxe5 11. dxe5 Qa5+ 12. Qd2 Qxe5 13. Ng5 Nc6 14.
O-O-O Qa5 15. Qe2 Nf6 16. h4 b5 17. Bb3 h5 18. Qf3 Qa6 19. Qg3 Na5 20. Bxf7+
Rxf7 21. Rd8+ Rf8 22. Ne6 Nb3+ 23. Kb1 Bxe6 24. Qxg6+ Kh8 25. Bh6 Nd2+ 26. Kc1
Nb3+ 27. Kb1 Nd2+ 28. Kc1 1/2-1/2

[Event "XV Festival A"]
[Site "Padova ITA"]
[Date "2012.12.20"]
[Round "6"]
[White "Mrdja, Milan"]
[Black "Cardili, Mariano"]
[WhiteElo "2387"]
[BlackElo "2126"]
[Result "1-0"]
[PlyCount "92"]
[EventDate "2012.12.16"]

1. e4 c6 2. d4 d5 3. f3 e6 4. Nc3 Bb4 5. Qd3 b6 6. Nge2 Ba6 7. Qe3 Nf6 8. Bd2
O-O 9. O-O-O c5 10. e5 Nfd7 11. a3 Bxc3 12. Bxc3 Nc6 13. f4 Rc8 14. Ng3 Bxf1
15. Rhxf1 Nxd4 16. Bxd4 cxd4 17. Rxd4 g6 18. Kb1 Qe7 19. Rfd1 Rc7 20. Qe2 Rfc8
21. c3 Rc4 22. Nf1 Rxd4 23. Rxd4 Nc5 24. Ne3 Ne4 25. g3 Kg7 26. c4 Qc5 27. Nc2
f5 28. exf6+ Nxf6 29. cxd5 exd5 30. Qd1 Re8 31. g4 Qb5 32. Nb4 Qe2 33. g5 Qxd1+
34. Rxd1 Nh5 35. Rxd5 Nxf4 36. Rd7+ Kg8 37. Rxa7 Nh3 38. Nd5 Re1+ 39. Ka2 Nxg5
40. Nf6+ Kf8 41. h4 Nf3 42. Nxh7+ Ke8 43. Rb7 Nxh4 44. Rxb6 Rg1 45. a4 Kd8 46.
a5 Kc7 1-0

[Event "XV Festival A"]
[Site "Padova ITA"]
[Date "2012.12.20"]
[Round "6"]
[White "Parrella, Alfredo"]
[Black "Boscolo, Federico"]
[WhiteElo "2086"]
[BlackElo "2320"]
[Result "0-1"]
[PlyCount "102"]
[EventDate "2012.12.16"]

1. c4 Nf6 2. g3 g6 3. Bg2 Bg7 4. Nc3 O-O 5. e4 c5 6. Nge2 Nc6 7. d3 Ne8 8. Be3
d6 9. O-O Nc7 10. d4 cxd4 11. Nxd4 Ne6 12. Nde2 Bd7 13. b3 Re8 14. Rc1 Ne5 15.
h3 Bc6 16. f4 Nd7 17. Nd5 b5 18. f5 Nec5 19. Nd4 Bxd5 20. exd5 bxc4 21. Nc6 Qc7
22. Rxc4 Qb7 23. fxg6 hxg6 24. Qf3 Nf6 25. Bxc5 dxc5 26. Rxc5 Qb6 27. Qf2 Nd7
28. Rc4 Ne5 29. Nxe5 Bxe5 30. g4 Bd6 31. Rc6 Qxf2+ 32. Rxf2 a5 33. Bf1 a4 34.
Bb5 axb3 35. axb3 Reb8 36. Ba4 Rb4 37. Rd2 Kg7 38. Kg2 f5 39. gxf5 gxf5 40. Rd3
Kf6 41. Rc2 Rg8+ 42. Kf1 Rf4+ 43. Rf2 Rxf2+ 44. Kxf2 Bc5+ 45. Kf3 Rg1 46. Bd7
Ke5 47. Bc6 f4 48. b4 Bxb4 49. Bd7 Bc5 50. Rd2 Rg3+ 51. Ke2 f3+ 0-1

[Event "XV Festival A"]
[Site "Padova ITA"]
[Date "2012.12.20"]
[Round "6"]
[White "Quaranta, Cristiano"]
[Black "Damia, Angelo"]
[WhiteElo "2102"]
[BlackElo "2281"]
[Result "0-1"]
[PlyCount "90"]
[EventDate "2012.12.16"]

1. d4 Nf6 2. c4 g6 3. Nc3 d5 4. Nf3 Bg7 5. e3 O-O 6. Qb3 c6 7. Be2 dxc4 8. Bxc4
Qb6 9. O-O Qxb3 10. Bxb3 Bf5 11. Bd2 Nbd7 12. Rfe1 Bd3 13. Rac1 c5 14. Na4 c4
15. Bc2 Bxc2 16. Rxc2 b5 17. Nc3 a6 18. Ne2 Ne4 19. Ba5 Nb8 20. Nd2 Nd6 21. b3
Nc6 22. Bc3 b4 23. Nxc4 bxc3 24. Nb6 Nb4 25. Rxc3 Ra7 26. a3 Rb8 27. Nc4 Nd5
28. Rd3 Nxc4 29. bxc4 Nc7 30. d5 Rab7 31. Nd4 Bxd4 32. Rxd4 Rb1 33. Rf1 Kf8 34.
e4 f6 35. c5 Rxf1+ 36. Kxf1 Rb1+ 37. Ke2 Rb2+ 38. Ke1 Ke8 39. f4 Rxg2 40. Rb4
Rc2 41. Rb8+ Kd7 42. c6+ Kd6 43. Rd8+ Kc5 44. Rd7 Rc4 45. Rxc7 Rxe4+ 0-1

[Event "XV Festival A"]
[Site "Padova ITA"]
[Date "2012.12.20"]
[Round "6"]
[White "Santolini, Luigi"]
[Black "Zuttioni, Federico"]
[WhiteElo "2144"]
[BlackElo "2001"]
[Result "1/2-1/2"]
[PlyCount "33"]
[EventDate "2012.12.16"]

1. e4 e5 2. Nf3 Nc6 3. Bb5 Bc5 4. O-O Nd4 5. Nxd4 Bxd4 6. c3 Bb6 7. d4 c6 8.
Bc4 d6 9. dxe5 dxe5 10. Qxd8+ Bxd8 11. Be3 Nf6 12. f3 Bb6 13. Bxb6 axb6 14. Rd1
Ke7 15. Nd2 Rd8 16. a3 Ne8 17. Kf2 1/2-1/2

[Event "XV Festival A"]
[Site "Padova ITA"]
[Date "2012.12.20"]
[Round "6"]
[White "Sibilio, Mario"]
[Black "Sanchez, Joseph"]
[WhiteElo "2349"]
[BlackElo "2533"]
[Result "0-1"]
[PlyCount "40"]
[EventDate "2012.12.16"]

1. e4 c5 2. b3 e6 3. Nf3 b6 4. Bb2 Bb7 5. Nc3 Nc6 6. Bb5 Qc7 7. Bxc6 Bxc6 8.
Qe2 Nf6 9. O-O-O Be7 10. d4 Qf4+ 11. Kb1 Bxe4 12. Ne5 cxd4 13. Rxd4 Bxc2+ 14.
Qxc2 Qxe5 15. Nd1 Qb5 16. Ne3 O-O 17. Rc1 d5 18. Qc7 Bc5 19. Rh4 Rac8 20. Qg3
Qd3+ 0-1

[Event "XV Festival A"]
[Site "Padova ITA"]
[Date "2012.12.20"]
[Round "6"]
[White "Solodovnichenko, Yuri"]
[Black "Mogranzini, Roberto"]
[WhiteElo "2557"]
[BlackElo "2489"]
[Result "1/2-1/2"]
[PlyCount "98"]
[EventDate "2012.12.16"]

1. e4 c5 2. Nf3 Nc6 3. d4 cxd4 4. Nxd4 g6 5. Nc3 Bg7 6. Be3 Nf6 7. Bc4 d6 8. f3
O-O 9. Bb3 Nxd4 10. Bxd4 Be6 11. Qd3 Qa5 12. O-O Nd7 13. Bxg7 Kxg7 14. f4 Rac8
15. Kh1 a6 16. Rae1 Qc5 17. e5 Bf5 18. Ne4 Qc6 19. Qd4 dxe5 20. fxe5 Qb6 21.
Qxb6 Nxb6 22. Rf4 Bxe4 23. Rexe4 Nd7 24. c3 Nc5 25. Rd4 Nxb3 26. axb3 Rfd8 27.
b4 g5 28. Rfe4 f5 29. exf6+ Kxf6 30. h4 h6 31. hxg5+ hxg5 32. g4 e5 33. Rxd8
Rxd8 34. Re2 Rd3 35. Kg2 Ke6 36. Rf2 Kd5 37. Rf5 Rd2+ 38. Kf3 Rxb2 39. Ke3 Rg2
40. Rxg5 Rg3+ 41. Kd2 Ke4 42. Kc2 Rg2+ 43. Kb3 b5 44. Ka3 Rc2 45. Kb3 Kd3 46.
Rxe5 Rxc3+ 47. Kb2 Rc4 48. Kb3 Rxg4 49. Re6 Rg3 1/2-1/2

[Event "XV Festival A"]
[Site "Padova ITA"]
[Date "2012.12.20"]
[Round "6"]
[White "Tsalughelashvili, Lile"]
[Black "Viaggi, Stefano"]
[WhiteElo "2085"]
[BlackElo "2042"]
[Result "1-0"]
[PlyCount "81"]
[EventDate "2012.12.16"]

1. d4 g6 2. c4 Bg7 3. Nc3 d6 4. e4 Nd7 5. Be3 e5 6. Nf3 Ngf6 7. Be2 O-O 8. d5
a5 9. Nd2 Ne8 10. O-O f5 11. f3 f4 12. Bf2 g5 13. a3 Rf6 14. b4 Rh6 15. c5 Ndf6
16. Nc4 Qe7 17. cxd6 Qf7 18. g4 fxg3 19. Bxg3 cxd6 20. Nb6 Rb8 21. Bb5 Bh3 22.
Rf2 Nh5 23. Bf1 Nxg3 24. hxg3 Nf6 25. Nb5 Bxf1 26. Qxf1 Nh5 27. Qg2 Rf8 28. Rc1
Rf6 29. Rc7 Qg6 30. Nd7 axb4 31. Nxf8 Rxf8 32. axb4 Rb8 33. Qh3 g4 34. Qxg4
Qxg4 35. fxg4 Nf6 36. Nxd6 b5 37. g5 Nh5 38. Rc8+ Rxc8 39. Nxc8 Bf8 40. d6 Ng7
41. Rf6 1-0

[Event "XV Festival A"]
[Site "Padova ITA"]
[Date "2012.12.20"]
[Round "6"]
[White "Valsecchi, Alessio"]
[Black "Lantini, Marco"]
[WhiteElo "2422"]
[BlackElo "2186"]
[Result "1-0"]
[PlyCount "75"]
[EventDate "2012.12.16"]

1. d4 Nf6 2. c4 e6 3. g3 d5 4. Bg2 dxc4 5. Nf3 a6 6. O-O Nc6 7. e3 Bd6 8. Na3
Bxa3 9. bxa3 Rb8 10. Qc2 b5 11. Bb2 Bb7 12. Rfe1 Ne7 13. e4 O-O 14. Rad1 c6 15.
h4 Qb6 16. Ng5 Nd7 17. d5 e5 18. d6 Ng6 19. h5 Nh8 20. Bh3 Qd8 21. f4 Nc5 22.
Bxe5 Nd3 23. Rxd3 cxd3 24. Qc3 h6 25. Bxg7 hxg5 26. Bh6 f6 27. Be6+ Kh7 28.
Bxf8 Qb6+ 29. Kg2 Rxf8 30. Bf5+ Kh6 31. fxg5+ fxg5 32. Qe5 Qd8 33. g4 Qf6 34.
Qxf6+ Rxf6 35. e5 c5+ 36. Kg3 Kg7 37. exf6+ Kxf6 38. Re6+ 1-0

[Event "XV Festival A"]
[Site "Padova ITA"]
[Date "2012.12.20"]
[Round "6"]
[White "Vocaturo, Daniele"]
[Black "Kasparov, Sergey"]
[WhiteElo "2521"]
[BlackElo "2475"]
[Result "1/2-1/2"]
[PlyCount "95"]
[EventDate "2012.12.16"]

1. Nf3 Nf6 2. c4 c6 3. d4 d5 4. Nc3 a6 5. c5 Nbd7 6. Bf4 g6 7. h3 Bg7 8. e3 O-O
9. Bd3 Re8 10. O-O Nf8 11. b4 N6d7 12. Qd2 e5 13. Nxe5 Nxe5 14. Bxe5 Bxe5 15.
dxe5 Rxe5 16. e4 dxe4 17. Qf4 Rf5 18. Qxe4 Qf6 19. Qe1 Re5 20. Ne4 Qg7 21. Qc3
Bf5 22. Nd6 Bxd3 23. Qxd3 Rd5 24. Qe3 a5 25. bxa5 Rxa5 26. Rab1 Re5 27. Qf3 Re7
28. Nxb7 Rxa2 29. Qxc6 Rc2 30. Qf3 Qc3 31. Qxc3 Rxc3 32. Rfd1 Ne6 33. Rd5 Rc7
34. Nd6 R7xc5 35. Rxc5 Rxc5 36. Rb8+ Nf8 37. Rb7 f5 38. Nf7 Ne6 39. Nh6+ Kh8
40. Nf7+ Kg8 41. Nh6+ Kh8 42. Re7 Nf4 43. Nf7+ Kg7 44. Nd6+ Kg8 45. Re8+ Kg7
46. Re7+ Kg8 47. Re8+ Kg7 48. Re7+ 1/2-1/2

[Event "XV Festival A"]
[Site "Padova ITA"]
[Date "2012.12.21"]
[Round "7"]
[White "Boscolo, Federico"]
[Black "Sibilio, Mario"]
[WhiteElo "2320"]
[BlackElo "2349"]
[Result "1/2-1/2"]
[PlyCount "111"]
[EventDate "2012.12.16"]

1. e4 c5 2. Nf3 a6 3. c3 d6 4. d4 Nf6 5. dxc5 Nc6 6. Bc4 e6 7. e5 dxe5 8. Qxd8+
Nxd8 9. Nxe5 Bxc5 10. Nd2 Bd6 11. Ndf3 Nd7 12. Bf4 Nxe5 13. Bxe5 Bxe5 14. Nxe5
f6 15. Nd3 Nc6 16. Nc5 Ke7 17. O-O-O b6 18. Ne4 Rd8 19. Rxd8 Nxd8 20. Re1 Ra7
21. f4 Rc7 22. Bb3 Bb7 23. g4 h6 24. Ng3 Rd7 25. Nf5+ Kf7 26. Ne3 Kf8 27. a4
Bf3 28. Bc4 Bb7 29. Nc2 Rd6 30. Nd4 Bc8 31. h4 a5 32. g5 Bd7 33. gxf6 gxf6 34.
b3 Bc8 35. Rg1 Nf7 36. Rg6 e5 37. fxe5 fxe5 38. Bxf7 Rxg6 39. Bxg6 exd4 40.
cxd4 Be6 41. Kc2 Ke7 42. Kc3 Kd6 43. Bd3 Bd5 44. Bc4 Bf3 45. Kd3 Bg4 46. Ke4
Bd7 47. Kf4 Bh3 48. Bf7 Bc8 49. Ke4 Bh3 50. Bg8 Bg4 51. Kf4 Bh3 52. Bc4 Bc8 53.
Bf7 Bh3 54. h5 Bc8 55. d5 Bd7 56. Ke4 1/2-1/2

[Event "XV Festival A"]
[Site "Padova ITA"]
[Date "2012.12.21"]
[Round "7"]
[White "Buchicchio, Alessandro"]
[Black "Bonan, Yves"]
[WhiteElo "1956"]
[BlackElo "1891"]
[Result "1-0"]
[PlyCount "75"]
[EventDate "2012.12.16"]

1. d4 d5 2. c4 Bf5 3. cxd5 Bxb1 4. Rxb1 Qxd5 5. a3 Nc6 6. e3 e5 7. dxe5 Qxd1+
8. Kxd1 O-O-O+ 9. Ke1 Nxe5 10. Nf3 Nxf3+ 11. gxf3 Bd6 12. Rg1 g6 13. f4 f5 14.
Bd2 Nf6 15. Bc3 Rhf8 16. Bg2 Ne4 17. Bxe4 fxe4 18. Ke2 Rf5 19. Rg5 Rdf8 20. Rd1
Be7 21. Rxf5 Rxf5 22. Rd4 Bf6 23. Rxe4 Bxc3 24. bxc3 Rh5 25. Re7 Rxh2 26. e4
Rh3 27. f3 Kd8 28. Rg7 Rh2+ 29. Kd3 Ra2 30. Rxh7 Rxa3 31. Rg7 Ra6 32. Rg8+ Ke7
33. Rg7+ Kd8 34. f5 gxf5 35. exf5 Ra1 36. f6 Rb1 37. Rg8+ Kd7 38. f7 1-0

[Event "XV Festival A"]
[Site "Padova ITA"]
[Date "2012.12.21"]
[Round "7"]
[White "Cardili, Mariano"]
[Black "Buchicchio, Giancarlo"]
[WhiteElo "2126"]
[BlackElo "2069"]
[Result "1/2-1/2"]
[PlyCount "96"]
[EventDate "2012.12.16"]

1. d4 Nf6 2. c4 c5 3. d5 b5 4. cxb5 a6 5. bxa6 g6 6. Nc3 Bxa6 7. Nf3 d6 8. e4
Bxf1 9. Kxf1 Bg7 10. h3 O-O 11. Kg1 Qb6 12. Kh2 Na6 13. Re1 Nb4 14. Re2 Qa6 15.
Ne1 Nd7 16. Be3 Ne5 17. Rc1 Ned3 18. Nxd3 Nxd3 19. Rcc2 Nxb2 20. Rxb2 Bxc3 21.
Rbc2 Bg7 22. Bd2 Rfb8 23. Bc3 Bxc3 24. Rxc3 Rb4 25. Rb3 Rxb3 26. axb3 Qa1 27.
Qxa1 Rxa1 28. Rb2 Re1 29. f3 f5 30. Kg3 fxe4 31. Kf2 Rd1 32. fxe4 Rd4 33. Re2
Kf7 34. Re3 Kf6 35. Rf3+ Ke5 36. Rf7 Kxe4 37. Rxe7+ Kxd5 38. Rxh7 Rb4 39. Rg7
Rxb3 40. Rxg6 c4 41. h4 c3 42. Ke3 c2+ 43. Kd2 Rc3 44. Kc1 Ke4 45. Rxd6 Rg3 46.
Rd2 Kf5 47. Kxc2 Kg4 48. Kd1 Kxh4 1/2-1/2

[Event "XV Festival A"]
[Site "Padova ITA"]
[Date "2012.12.21"]
[Round "7"]
[White "Collutiis, Duilio"]
[Black "Vocaturo, Daniele"]
[WhiteElo "2495"]
[BlackElo "2521"]
[Result "1/2-1/2"]
[PlyCount "134"]
[EventDate "2012.12.16"]

1. e4 d6 2. d4 Nf6 3. Nc3 g6 4. Nf3 c6 5. a4 Bg7 6. Be2 O-O 7. O-O Nbd7 8. a5
Qc7 9. h3 e5 10. d5 Nc5 11. Nd2 Bh6 12. Bf3 cxd5 13. exd5 Bd7 14. Ra3 b5 15.
axb6 axb6 16. Nde4 Bg7 17. Nxf6+ Bxf6 18. Rxa8 Rxa8 19. Be3 Bg7 20. Be2 Na4 21.
Nxa4 Rxa4 22. c4 Bf6 23. Qb3 Bd8 24. f4 Be8 25. fxe5 dxe5 26. Rd1 Qd6 27. Qc3
Be7 28. b3 Ra2 29. Bf1 e4 30. Bd4 Qf4 31. Qe3 Qxe3+ 32. Bxe3 Bc5 33. Bxc5 bxc5
34. d6 Bd7 35. Rd5 f6 36. Rxc5 e3 37. Kh2 Rd2 38. Rc7 Rxd6 39. c5 Rd2 40. Kg3
Be6 41. Bc4 Bxc4 42. bxc4 Rc2 43. Kf3 e2 44. Kf2 Kf8 45. c6 Ke8 46. Rxh7 Kd8
47. Rd7+ Kc8 48. Ke1 Rxc4 49. Rd6 Rf4 50. Kxe2 Kc7 51. Re6 Rf5 52. h4 Rf4 53.
g3 Rg4 54. Kf3 f5 55. Rf6 Kb6 56. h5 gxh5 57. Rxf5 Kxc6 58. Rxh5 Rg8 59. Re5
Kd6 60. Re4 Rf8+ 61. Ke3 Rf5 62. Rh4 Ke6 63. Ke4 Ra5 64. Rh7 Kf6 65. Rb7 Kg5
66. Kf3 Ra4 67. Rb5+ Kg6 1/2-1/2

[Event "XV Festival A"]
[Site "Padova ITA"]
[Date "2012.12.21"]
[Round "7"]
[White "Damia, Angelo"]
[Black "Valsecchi, Alessio"]
[WhiteElo "2281"]
[BlackElo "2422"]
[Result "0-1"]
[PlyCount "50"]
[EventDate "2012.12.16"]

1. e4 c6 2. d4 d5 3. exd5 cxd5 4. Bd3 Nc6 5. c3 Nf6 6. Ne2 g6 7. Bg5 Bg7 8. Na3
O-O 9. Bxf6 Bxf6 10. f4 Bh4+ 11. g3 Bf6 12. Nc2 a6 13. Ne3 b5 14. h4 Na5 15. h5
Nc4 16. Bxc4 dxc4 17. Qc2 Bb7 18. O-O-O Bxh1 19. Rxh1 b4 20. hxg6 hxg6 21. f5
Qa5 22. Nf4 bxc3 23. fxg6 Qxa2 24. gxf7+ Rxf7 25. bxc3 Qa1+ 0-1

[Event "XV Festival A"]
[Site "Padova ITA"]
[Date "2012.12.21"]
[Round "7"]
[White "De Santis, Alessio"]
[Black "Gallo, Enrico"]
[WhiteElo "2281"]
[BlackElo "2074"]
[Result "0-1"]
[PlyCount "128"]
[EventDate "2012.12.16"]

1. d4 Nf6 2. Bg5 Ne4 3. Bf4 c5 4. f3 Qa5+ 5. c3 Nf6 6. d5 Qb6 7. Bc1 e6 8. e4
exd5 9. exd5 c4 10. Bxc4 Bc5 11. Ne2 O-O 12. Qb3 Qc7 13. Na3 d6 14. Nb5 Qe7 15.
Bg5 Nbd7 16. O-O-O Be3+ 17. Bxe3 Qxe3+ 18. Kb1 Nb6 19. Ned4 Bd7 20. Rhe1 Qh6
21. Bd3 Nfxd5 22. c4 Nf4 23. g3 Nxd3 24. Qxd3 a6 25. Nc3 Qg6 26. b3 Rfe8 27.
Qxg6 hxg6 28. Kc2 Rxe1 29. Rxe1 Kf8 30. Kd3 Re8 31. Rxe8+ Kxe8 32. Ne4 Ke7 33.
Nc3 Bc8 34. f4 Bf5+ 35. Nxf5+ gxf5 36. Kd4 Nd7 37. Nd5+ Kd8 38. b4 Nf8 39. Ne3
g6 40. a3 Kd7 41. h4 Ne6+ 42. Kd5 Nc7+ 43. Kd4 Ne6+ 44. Kd3 Ng7 45. Ke2 Nh5 46.
Kf3 Nf6 47. g4 fxg4+ 48. Nxg4 Nxg4 49. Kxg4 b5 50. cxb5 axb5 51. f5 d5 52. fxg6
fxg6 53. Kg5 Ke6 54. Kf4 Kd6 55. Ke3 Ke5 56. Kd3 d4 57. a4 bxa4 58. b5 a3 59.
b6 Kd6 60. Kc2 d3+ 61. Kxd3 a2 62. b7 Kc7 63. Ke4 a1=Q 64. Kf4 Qf6+ 0-1

[Event "XV Festival A"]
[Site "Padova ITA"]
[Date "2012.12.21"]
[Round "7"]
[White "Del Monaco, Andrea"]
[Black "Manca, Federico"]
[WhiteElo "2247"]
[BlackElo "2433"]
[Result "1-0"]
[PlyCount "75"]
[EventDate "2012.12.16"]

1. Nf3 Nf6 2. c4 e6 3. g3 d5 4. Bg2 Be7 5. O-O O-O 6. d4 dxc4 7. Qc2 a6 8. Qxc4
b5 9. Qc2 Bb7 10. Bg5 Nc6 11. Rd1 Nb4 12. Qc1 Ra7 13. Bxf6 gxf6 14. a3 Nc6 15.
d5 exd5 16. Nc3 d4 17. Qh6 Kh8 18. Nh4 Rg8 19. Be4 Rg7 20. Nf5 Rg6 21. Qh4 Bc5
22. b4 Bb6 23. Nh6 Rg7 24. Nf5 Rg6 25. Nh6 Rg7 26. Nd5 Ne5 27. Nxb6 Bxe4 28.
Qxe4 cxb6 29. Rxd4 Qf8 30. Rad1 Rxg3+ 31. hxg3 Qxh6 32. Qf5 Kg7 33. Qc8 Qh5 34.
R1d2 Re7 35. Kg2 Re6 36. Rh4 Rc6 37. Qe8 Qf5 38. Rd8 1-0

[Event "XV Festival A"]
[Site "Padova ITA"]
[Date "2012.12.21"]
[Round "7"]
[White "Dorigo, Tommaso"]
[Black "Giuriato, Sergio"]
[WhiteElo "1899"]
[BlackElo "1959"]
[Result "1/2-1/2"]
[PlyCount "88"]
[EventDate "2012.12.16"]

1. e4 Nc6 2. Nf3 e5 3. d4 exd4 4. Nxd4 Nf6 5. Nxc6 bxc6 6. Nc3 Bb4 7. Bd3 d5 8.
exd5 cxd5 9. O-O O-O 10. Bg5 c6 11. Qf3 h6 12. Bf4 Be6 13. h3 Bd6 14. Rfe1 Rb8
15. Ne2 c5 16. b3 c4 17. Bxd6 Qxd6 18. Bf5 cxb3 19. axb3 Qb6 20. Bd3 a5 21. Nf4
Rbc8 22. Qe3 d4 23. Qe5 Nd7 24. Qxa5 Qxa5 25. Rxa5 Nc5 26. Bf1 g5 27. Nxe6 Nxe6
28. Bc4 Nf4 29. Re7 Ng6 30. Re4 Rfe8 31. Rxe8+ Rxe8 32. Rd5 Re1+ 33. Kh2 Rc1
34. Bd3 Nf4 35. Rd8+ Kg7 36. Be4 d3 37. cxd3 Rc3 38. g3 Ne6 39. Rb8 Nc5 40. b4
Nxd3 41. Kg2 Rb3 42. Rb7 Rxb4 43. Re7 Kf6 44. Re8 Ne5 1/2-1/2

[Event "XV Festival A"]
[Site "Padova ITA"]
[Date "2012.12.21"]
[Round "7"]
[White "Efimov, Igor"]
[Black "Tsalughelashvili, Lile"]
[WhiteElo "2413"]
[BlackElo "2085"]
[Result "1-0"]
[PlyCount "51"]
[EventDate "2012.12.16"]

1. d4 Nf6 2. c4 g6 3. Nc3 Bg7 4. e4 d6 5. Bd3 e5 6. d5 a5 7. Nge2 Na6 8. Ng3
O-O 9. Bg5 h6 10. Bd2 Kh7 11. a3 Bd7 12. b3 Ng8 13. Rb1 Qh4 14. O-O f5 15. exf5
gxf5 16. Re1 Rae8 17. Qh5 Qd4 18. Re3 e4 19. Ncxe4 fxe4 20. Nxe4 Rf5 21. Ng5+
Kh8 22. Bxf5 Nf6 23. Bxd7 Rxe3 24. Nf7+ Kg8 25. Nxh6+ Bxh6 26. Qg6+ 1-0

[Event "XV Festival A"]
[Site "Padova ITA"]
[Date "2012.12.21"]
[Round "7"]
[White "Franco, Alessandro P."]
[Black "Santolini, Luigi"]
[WhiteElo "1906"]
[BlackElo "2144"]
[Result "0-1"]
[PlyCount "56"]
[EventDate "2012.12.16"]

1. e4 c5 2. Nf3 e6 3. c3 Nf6 4. e5 Nd5 5. d4 cxd4 6. cxd4 Nc6 7. Bc4 Be7 8. O-O
d6 9. Qe2 O-O 10. Nc3 Nxc3 11. bxc3 dxe5 12. dxe5 Qc7 13. Bd3 b6 14. Qe4 g6 15.
Bh6 Rd8 16. Bc2 Bb7 17. Qf4 Rd7 18. Rfe1 Na5 19. Ng5 f5 20. Nxe6 Qc6 21. Re4
Qxe6 22. Ra4 Rad8 23. h4 Qc6 24. f3 Qxc3 25. Rc1 Qb2 26. e6 Rd4 27. Qc7 Rxa4
28. Qxe7 Qd4+ 0-1

[Event "XV Festival A"]
[Site "Padova ITA"]
[Date "2012.12.21"]
[Round "7"]
[White "Kasparov, Sergey"]
[Black "Naumkin, Igor"]
[WhiteElo "2475"]
[BlackElo "2500"]
[Result "1/2-1/2"]
[PlyCount "58"]
[EventDate "2012.12.16"]

1. e4 e5 2. Nf3 Nc6 3. Bb5 a6 4. Bxc6 dxc6 5. O-O Qd6 6. Na3 Be6 7. Qe2 f6 8.
Rd1 c5 9. c3 Bg4 10. h3 Bxf3 11. Qxf3 Ne7 12. d4 cxd4 13. cxd4 exd4 14. Bf4 Qd7
15. Rac1 Nc6 16. Nc4 Be7 17. a3 Nd8 18. Qh5+ g6 19. Qd5 Nc6 20. b4 Rd8 21. Na5
Qxd5 22. exd5 Nxa5 23. bxa5 Rxd5 24. Rxc7 Rd7 25. Rxd7 Kxd7 26. Rxd4+ Ke6 27.
Re4+ Kd7 28. Rd4+ Ke6 29. Re4+ Kd7 1/2-1/2

[Event "XV Festival A"]
[Site "Padova ITA"]
[Date "2012.12.21"]
[Round "7"]
[White "Kassel, Walter"]
[Black "D'Orta, Antonio"]
[WhiteElo "1912"]
[BlackElo "1934"]
[Result "1/2-1/2"]
[PlyCount "180"]
[EventDate "2012.12.16"]

1. e4 c6 2. d4 d5 3. Nc3 dxe4 4. Nxe4 Nf6 5. Nxf6+ gxf6 6. Bc4 Bg7 7. c3 e5 8.
Qh5 Qe7 9. dxe5 Qxe5+ 10. Qe2 Bg4 11. f3 Be6 12. Qxe5 fxe5 13. Bxe6 fxe6 14.
Bg5 Nd7 15. O-O-O Bf6 16. Nh3 h6 17. Bxf6 Nxf6 18. Rhe1 e4 19. Nf4 e5 20. Rd6
Kf7 21. Nh3 Rag8 22. fxe4 Rxg2 23. Rf1 Rg6 24. Rd7+ Ke6 25. Rxb7 Nxe4 26. Re1
Kf5 27. Rxa7 Rd8 28. Rf7+ Rf6 29. Rc7 Rdd6 30. Rg7 Nc5 31. Rf1+ Ke6 32. Rxf6+
Kxf6 33. Rg1 Rd3 34. Rf1+ Ke6 35. Nf2 Rf3 36. Kd2 Rf8 37. Ke2 Ra8 38. a3 Na4
39. Rb1 Rb8 40. Nd1 Rg8 41. Kf2 Nc5 42. Ne3 Rb8 43. Nc4 Ne4+ 44. Kf3 Nxc3 45.
Re1 e4+ 46. Kf4 Rf8+ 47. Kg4 Nd5 48. Rxe4+ Kd7 49. Kg3 h5 50. Re5 Rg8+ 51. Kf2
Nf4 52. Kf3 Rf8 53. Ke4 Nd5 54. Rf5 Rg8 55. Ne5+ Kd6 56. Nc4+ Ke6 57. Re5+ Kd7
58. Ne3 Nxe3 59. Kxe3 h4 60. Rh5 Rg2 61. Rxh4 Rxb2 62. Rd4+ Ke6 63. h4 c5 64.
Rc4 Kd5 65. Kd3 Rh2 66. Ra4 Rh3+ 67. Kd2 c4 68. h5 Kd4 69. Ra8 Rh2+ 70. Kd1
Rxh5 71. a4 Kd3 72. Rd8+ Kc3 73. Ra8 Rd5+ 74. Kc1 Rh5 75. Kb1 Kb4 76. a5 Rxa5
77. Rxa5 Kxa5 78. Kb2 Kb4 79. Kc2 Kc5 80. Kc3 Kd5 81. Kc2 Kd4 82. Kd2 c3+ 83.
Kc2 Kc4 84. Kc1 Kb3 85. Kb1 Ka4 86. Kc1 Ka3 87. Kc2 Kb4 88. Kc1 Kc4 89. Kc2 Kd4
90. Kc1 Kd3 1/2-1/2

[Event "XV Festival A"]
[Site "Padova ITA"]
[Date "2012.12.21"]
[Round "7"]
[White "Lantini, Marco"]
[Black "Quaranta, Cristiano"]
[WhiteElo "2186"]
[BlackElo "2102"]
[Result "0-1"]
[PlyCount "44"]
[EventDate "2012.12.16"]

1. d4 Nf6 2. c4 c5 3. d5 b5 4. Nf3 Bb7 5. Qc2 bxc4 6. e4 e6 7. dxe6 dxe6 8. Nc3
Be7 9. Bxc4 O-O 10. O-O Nc6 11. Rd1 Qc8 12. Bg5 h6 13. Bh4 Nd4 14. Nxd4 cxd4
15. Bxf6 Bxf6 16. Nb5 Bxe4 17. Qe2 Bg6 18. Nxd4 Bh5 19. Qxh5 Qxc4 20. b3 Qa6
21. Rd2 Rad8 22. Qd1 Qb6 0-1

[Event "XV Festival A"]
[Site "Padova ITA"]
[Date "2012.12.21"]
[Round "7"]
[White "Litrico, Paolo"]
[Black "Parrella, Alfredo"]
[WhiteElo "1978"]
[BlackElo "2086"]
[Result "0-1"]
[PlyCount "78"]
[EventDate "2012.12.16"]

1. d4 Nf6 2. Nf3 g6 3. Nc3 d5 4. Bf4 c6 5. e3 Nh5 6. Bg5 h6 7. Bh4 Ng7 8. Bd3
Nf5 9. Bg3 Nxg3 10. hxg3 Bg7 11. Qe2 Bg4 12. O-O-O b5 13. Qd2 Nd7 14. e4 dxe4
15. Bxe4 Rc8 16. Qd3 f5 17. Bxc6 Rxc6 18. Rde1 Bxf3 19. Qxf3 Nb8 20. Nd5 e6 21.
Nf4 Qf6 22. Qb3 O-O 23. Nxe6 Rf7 24. Nxg7 Kxg7 25. d5 Rb6 26. Qe3 h5 27. Re2 f4
28. Qd3 Nd7 29. Rhe1 fxg3 30. fxg3 Nc5 31. Qa3 Qg5+ 32. Qe3 Qxe3+ 33. Rxe3 Rd6
34. b4 Na4 35. Rd1 Nb6 36. Re8 Rxd5 37. Rxd5 Nxd5 38. a3 Nb6 39. Re5 Rf1+ 0-1